Gül’ün (s.a.s) yaprakları (Record no. 13286)

MARC details
000 -BAŞLIK
Sabit Uzunluktaki Kontrol Alanı 00549nam a22001817a 4500
003 - KONTROL NUMARASI KİMLİĞİ
Kontrol Alanı koha_MIRAKIL
005 - EN SON İŞLEM TARİHİ ve ZAMANI
Kontrol Alanı 20231213100025.0
008 - SABİT UZUNLUKTAKİ VERİ ÖGELERİ - GENEL BİLGİ
Sabit Alan 231213b |||||||| |||| 00| 0 ||| d
020 ## - ISBN - ULUSLARARASI STANDART KİTAP NUMARASI
-- 978-6-05-541389-7
040 ## - KATALOGLAMA KAYNAĞI
Özgün Kataloglama Kurumu TR-IsEVY
Kataloglama Dili tur
Çeviri Kurumu TR-IsEVY
082 ## - DEWEY ONU SINIFLAMA SİSTEMİ
Sınıflama Numarası 297.63 SAT/G
100 ## - KİŞİ ADI
Yazar Adı (Kişi adı) Satılmışoğlu, Aliye.
245 #0 - ESER ADI BİLDİRİMİ
Başlık Gül’ün (s.a.s) yaprakları
Alt Eseradı vb. Esmaü’n nebiHz. Muhammed’in (s.a.s.) isimleri ve sıfatları
260 ## - YAYIN, DAĞITIM, VB.
Yayınevi Akçağ Yayınları,
Yayın Tarihi 2012
300 ## - FİZİKSEL TANIMLAMA
Sayfa, Cilt vb. 238 s.
650 ## - KONU BAŞLIĞI EK GİRİŞ - KONU TERİMİ
Konusal terim veya coğrafi ad Hz. Muhammed, 571-632.
942 ## - EK GİRİŞ ÖGELERİ (KOHA)
Source of classification or shelving scheme Dewey Decimal Classification
Koha item type Kitap
Holdings
Kayıp Durumu Sınıflandırma Kaynağı Hasarlı Durumu Kalıcı Konum Mevcut Konum Kayıt Tarih Edinim Kaynağı Yer Numarası Demirbaş Numarası Son Görülme Tarihi Fatura Tarihi Materyal Türü
  Dewey Decimal Classification   LİSE KÜTÜPHANESİ LİSE KÜTÜPHANESİ 05/02/2016 Satınalma 297.63 SAT/G 13834 13/12/2023 05/02/2016 Kitap